000 00303nam a22001337a 4500
008 171016b xxu||||| |||| 00| 0 eng d
020 _a9780130957108
041 _aeng
080 _25 ED
_a33
100 _a52
101 _aFAIR.C
245 _aPRONCIPLES OF ECONOMICS
_cFAIR.C
942 _2udc
_cBK
999 _c34134
_d34134